00873nas a2200253 a 4500001001000000003000400010005001700014008004100031010001100072011001100083022001400094210003000108245004800138260008700186300000700273310001400280362002000294500004200314530005200356650004700408650003100455780007500486856005800561000108325DLC20220329144008.0140128c19939999 r1p|r 0 0eng d a104787 a105759 a1068-28051 aAgric. resour. econ. rev.00aAgricultural and resource economics review. aNewark, De :bNortheastern Agricultural and Resource Economics Association,c1993. av. aSemestral1 av. 42n. 1, 2013 aInicia en (año)con el vol. #, no. # aA partir del v.&& n.&,&&& disponible en línea14aAgriculturaxAspectos económicoszE.U.A.14aRecursos naturalesxE.U.A.00tNortheastern journal of agricultural and resource economicsx0899-367X403http://ageconsearch.umn.edu/handle/36551zTeclea aqui